|
|
|
|
| LEADER |
00000nab a2200000 a 4500 |
| 001 |
vtls001495772 |
| 003 |
SK-MaSNL |
| 005 |
20260304141826.0 |
| 008 |
250505c2002 xo g 0 slo |
| 015 |
|
|
|a SNBCL2005/2
|
| 035 |
|
|
|a (sysno)vtls001495772
|
| 035 |
|
|
|a urn:nbn:sk:snk-ab6wyo
|
| 035 |
|
|
|a (uuid)87436004-11d5-4b42-95ff-e54eae45b6f5
|
| 035 |
|
|
|a (urnnbn)urn:nbn:sk:snk:ar-a063jc
|
| 040 |
|
|
|a SNKBUCL
|b slo
|c SNKBUCL
|e AACR2
|
| 041 |
0 |
|
|a slo
|
| 044 |
|
|
|a xo
|c SK
|
| 080 |
|
|
|a 616.379-008.64:546.76
|2 1981
|
| 100 |
1 |
|
|a Trnková, Jitka
|4 aut
|9 1400817
|
| 245 |
1 |
0 |
|a Chróm pomáha "jedákom" aj diabetikom
|c Jitka Trnková
|
| 300 |
|
|
|b Obr.
|
| 650 |
0 |
7 |
|a chróm
|2 MESH
|9 16564
|
| 650 |
0 |
7 |
|a diabetes mellitus
|x diagnóza
|2 MESH
|9 1453471
|
| 650 |
0 |
7 |
|a faktory rizikové
|2 MESH
|9 838956
|
| 650 |
0 |
7 |
|a diabetes mellitus, inzulín independentný
|x terapia
|2 MESH
|9 1460401
|
| 650 |
0 |
7 |
|a obezita
|2 MESH
|9 2527
|
| 773 |
0 |
|
|t Diabetik
|g Roč. 1, č. 1 (2002), s. 7-9
|
| 850 |
|
|
|a Slovenská národná knižnica
|
| 852 |
|
|
|a Slovenská národná knižnica
|
| 954 |
|
|
|a odborná, vedecká literatúra pôvodná (slovenská)
|2 lita
|
| 958 |
|
|
|a article27
|
| 958 |
|
|
|a OND
|
| 958 |
|
|
|a EUIPO
|
| 999 |
|
|
|c 2919737
|d 2921667
|